Правила производства и контроля качества лекарственных средств для животных в системе GMP (Запись № 4629412)

Подробности
000 -МАРКЕР
контрольное поле 03111nam0a2200409 4500
001 - ИДЕНТИФИКАТОР ЗАПИСИ
контрольное поле RU\NLR\bibl\2061610
005 - ИДЕНТИФИКАТОР ВЕРСИИ
контрольное поле 20260406003747.0
010 ## - МЕЖДУНАРОДНЫЙ СТАНДАРТНЫЙ НОМЕР КНИГИ (ISBN)
Номер (ISBN) 978-5-86341-386-0
Тираж 150
021 ## - НОМЕР ГОСУДАРСТВЕННОЙ РЕГИСТРАЦИИ
Код страны Российская Федерация
Номер 2013-54222
Номер Листа государственной регистраци 3758
035 ## - ДРУГИЕ СИСТЕМНЫЕ НОМЕРА
Идентификатор записи (nilc)RuMoRGB-006609912
035 ## - ДРУГИЕ СИСТЕМНЫЕ НОМЕРА
Идентификатор записи (NLR Aleph) 002048333
100 ## - ДАННЫЕ ОБЩЕЙ ОБРАБОТКИ
Данные общей обработки 20130715d2013 |||y0rusy50 ca
101 0# - ЯЗЫК РЕСУРСА
Язык текста, звукозаписи и т.д. русский
102 ## - СТРАНА ПУБЛИКАЦИИ ИЛИ ПРОИЗВОДСТВА
Страна публикации Российская Федерация
105 ## - ПОЛЕ КОДИРОВАННЫХ ДАННЫХ: ТЕКСТОВЫЕ МАТЕРИАЛЫ, МОНОГРАФИЧЕСКИЕ
Кодированные данные о монографическом текстовом документе y |||||||||
200 1# - ЗАГЛАВИЕ И СВЕДЕНИЯ ОБ ОТВЕТСТВЕННОСТИ
Основное заглавие Правила производства и контроля качества лекарственных средств для животных в системе GMP
Сведения, относящиеся к заглавию учебно-методическое пособие
Первые сведения об ответственности Гаврилов В.А., Тихоно И.В., Волков М.Ю., Смирнова Е.А.
Последующие сведения об ответственности М-во сел. хоз-ва Рос. Федерации, Федер. гос. бюджет. образоват. учреждение высш. проф. образования "Моск. гос. акад. вет. медицины и биотехологии им. К.И. Скрябина", Каф. биотехнологии
210 ## - ПУБЛИКАЦИЯ, РАСПРОСТРАНЕНИЕ И ДР.
Место издания, распространения и т.д. Москва
Имя издателя, распространителя и т. д. Издательско-полиграфический отдел ФГБОУ ВПО МГАВМиБ
Дата издания, распространения и т.д. 2013
Место изготовления Москва
Имя изготовителя МГАВМиБ
215 ## - ФИЗИЧЕСКАЯ ХАРАКТЕРИСТИКА
Специфическое обозначение материала и объем 48, [1] с.
Размеры 21
300 ## - ОБЩИЕ ПРИМЕЧАНИЯ
Текст примечания На обл. загл.: Правила производства и контроля качества лекарственных средств для животных в системе GMP ("Good Manufacturing Practice")
512 0# - ЗАГЛАВИЕ ОБЛОЖКИ
Заглавие обложки Правила производства и контроля качества лекарственных средств для животных в системе GMP ("Good Manufacturing Practice")
606 1# - НАИМЕНОВАНИЕ ТЕМЫ КАК ПРЕДМЕТ
Наименование темы Ветеринарные препараты
Формальный подзаголовок Учебно-методические пособия для высших учебных заведений
Тематический подзаголовок Качество
-- Контроль
Системный номер авторитетной/нормативной записи 2176913
Идентификатор авторитетной/нормативной записи RU\NLR\AUTH\6601545210
606 1# - НАИМЕНОВАНИЕ ТЕМЫ КАК ПРЕДМЕТ
Наименование темы Ветеринарные препараты
Формальный подзаголовок Учебно-методические пособия для высших учебных заведений
Тематический подзаголовок Производство
Системный номер авторитетной/нормативной записи 2176910
Идентификатор авторитетной/нормативной записи RU\NLR\AUTH\6601545209
686 1# - ИНДЕКСЫ ДРУГИХ КЛАССИФИКАЦИЙ
Индекс Л669я73-1
701 #1 - ИМЯ ЛИЦА - АЛЬТЕРНАТИВНАЯ ОТВЕТСТВЕННОСТЬ
Код отношения Автор
Начальный элемент ввода Гаврилов
Часть имени, кроме начального элемента ввода В. А.
Дополнения к именам, кроме дат д-р вет. наук
Даты 1944-
Расширение инициалов личного имени Владимир Андреевич
Системный номер авторитетной/нормативной записи 129895
Идентификатор авторитетной/нормативной записи RU\NLR\AUTH\770129926
701 #1 - ИМЯ ЛИЦА - АЛЬТЕРНАТИВНАЯ ОТВЕТСТВЕННОСТЬ
Код отношения Автор
Материалы, к которым относится поле rus
Графика поля Кириллица
Начальный элемент ввода Тихонов
Часть имени, кроме начального элемента ввода И. В.
Дополнения к именам, кроме дат д-р биол. наук
Расширение инициалов личного имени Игорь Владимирович
Идентификатор авторитетной/нормативной записи RU\NLR\AUTH\7738327
Системный номер авторитетной/нормативной записи 21311
701 #1 - ИМЯ ЛИЦА - АЛЬТЕРНАТИВНАЯ ОТВЕТСТВЕННОСТЬ
Код отношения Автор
Начальный элемент ввода Волков
Часть имени, кроме начального элемента ввода М. Ю.
Дополнения к именам, кроме дат д-р биол. наук
Расширение инициалов личного имени Михаил Юрьевич
Системный номер авторитетной/нормативной записи 129897
Идентификатор авторитетной/нормативной записи RU\NLR\AUTH\770129928
701 #1 - ИМЯ ЛИЦА - АЛЬТЕРНАТИВНАЯ ОТВЕТСТВЕННОСТЬ
Код отношения Автор
Материалы, к которым относится поле rus
Графика поля Кириллица
Начальный элемент ввода Смирнова
Часть имени, кроме начального элемента ввода Е. А.
Дополнения к именам, кроме дат канд. биол. наук, биотехнология
Расширение инициалов личного имени Екатерина Александровна
Идентификатор авторитетной/нормативной записи RU\NLR\AUTH\77113284
Системный номер авторитетной/нормативной записи 96209
801 #0 - ИСТОЧНИК ЗАПИСИ
Страна Российская Федерация
Организация RuMoRKP
Дата составления 20130715
Правила каталогизации RCR
801 #2 - ИСТОЧНИК ЗАПИСИ
Страна Российская Федерация
Организация РГБ
Дата составления 20130724
Правила каталогизации rcr
801 #1 - ИСТОЧНИК ЗАПИСИ
Страна Российская Федерация
Организация RuMoRKP
Дата составления 20130715
Источник данных rusmarc
801 #2 - ИСТОЧНИК ЗАПИСИ
Страна Российская Федерация
Организация NLR
Дата составления 20130809
Правила каталогизации rcr
942 ## - ДОПОЛНИТЕЛЬНЫЕ ЭЛЕМЕНТЫ ЗАПИСИ (АБИС)
Тип экземпляра АБИС Книга
980 ## - КОЛЛЕКЦИЯ
Название коллекции НБР
980 ## - КОЛЛЕКЦИЯ
Название коллекции Национальная библиография
Экземпляры
Тип экземпляра Дата поступления Источник поступления Библиотека постоянного хранения Библиотека текущего хранения Место хранения Шифр хранения Штрих-код Статус экземпляра
Книга 09.08.2013 Обязательный экземпляр РНБ (Московский) РНБ (Московский) Русский книжный фонд: издания с 1957 года 2013-4/7379 1-148076  
Книга 09.08.2013 Обязательный экземпляр РНБ (Московский) РНБ (Московский) Русский книжный фонд: издания с 1957 года 2013-4/7379 3936003